|
|
|
|
| LEADER |
00000cam a2200000 7i4500 |
| 001 |
0000001965 |
| 002 |
000002135 |
| 005 |
20021127.0 |
| 020 |
|
|
|a 000002135
|
| 090 |
0 |
0 |
|a 791.45617
|b PAL
|
| 100 |
1 |
|
|a Palin, Michael
|
| 245 |
1 |
0 |
|a Around the world in 80 days [
|h video recording]
|c Michael Palin
|
| 260 |
|
|
|a London :
|b BBC Video ,
|c 199-
|
| 300 |
|
|
|a 2 Video recording VHS (5 hours 36 minutes) :
|b col.(PAL)
|
| 500 |
|
|
|a Library has 1 copy
|
| 650 |
0 |
0 |
|a Comedy
|x Feature film
|
| 999 |
|
|
|a 00057
|b VIDEO
|c KOLEKSI AUDIO VIDEO
|e PERPUSTAKAAN KOMUNITI PETALING JAYA
|
| 999 |
|
|
|a PV0275/93
|b VIDEO
|c KOLEKSI AUDIO VIDEO
|e PERPUSTAKAAN KOMUNITI PETALING JAYA
|